000 01274nam a22003737a 4500
003 CHAP
005 20220817042902.0
008 971013s1993 r 00010 d
010 _a58820
011 _a59792
035 _a63952
040 _cCHAP
082 _a636.0803
_bD5 1993
245 _aDictionary of animal production terminology in english, french, german, spanish and latin
250 _a2 ed. rev. and enlarged
260 _aAmsterdam :
_bElsevier,
_c1993
300 _a656 p.
490 _aEAAP. Publication
_v; 60
590 _aBATCH-UPD
_b10
_c20130110
_lUCH01
_h0400
590 _aBATCH-UPD
_b10
_c20130110
_lUCH01
_h2129
590 _aBATCH-UPD
_b10
_c20130410
_lUCH01
_h0033
590 _aBATCH-UPD
_b10
_c20130914
_lUCH01
_h1201
590 _aCONVERSION
_b10
_c20130109
_lUCH01
_h1332
650 1 4 _aDiccionario políglota.
_932446
650 1 4 _aGanadería
_xDiccionarios.
_944684
650 1 4 _aGanadería
_xTerminología.
_944853
700 0 _aOllivier, Louis
_eed.
_983160
700 0 _aStraszewska, Sophie
_eed.
_9109956
710 0 _aEuropean Association for Animal Production
_eed.
830 0 _aEAAP Publication
_v; 60
901 _aBK
942 _cLIBRO
949 _a636.0803 D53 1993
_bBC
_cC
_d33724000616173
_eC
_gI.180767
_h89961
_i63952
_si
_t2475.00
999 _c58820
_d58820